Tiempo libre y explotación capitalista

Na minha lista:
Detalhes bibliográficos
Autor principal: Toti, Gianni
Formato: Texto
Publicado em: México: Ediciones Cultura Popular
Tags: Adicionar Tag
Sem tags, seja o primeiro a adicionar uma tag!

MARC

LEADER 00000 a a2200000 04500
001 23842
003
040
090 |a 168800  
100 |a Toti, Gianni  
245 |a Tiempo libre y explotación capitalista  
260 |a México:   |b Ediciones Cultura Popular  
300 |a 281 p  
999 |c 1119  |d 1119